I know this much is true (Record no. 30996)

MARC details
000 -LEADER
fixed length control field 00548nam a2200181Ia 4500
020 ## - INTERNATIONAL STANDARD BOOK NUMBER
ISBN 9780061097645
050 ## - CALL MARK
Classification number PS 3562 .L36/
100 ## - STATEMENT OF RESPONSIBILITY--MAIN AUTHOR NAME
Personal name Lamb, Wally
245 #0 - TITLE STATEMENT
Title I know this much is true
260 ## - PUBLICATION, DISTRIBUTION, ETC. (IMPRINT)
Place of publication New, york
260 ## - PUBLICATION, DISTRIBUTION, ETC. (IMPRINT)
Name of publisher Harpercollins publishers
260 ## - PUBLICATION, DISTRIBUTION, ETC. (IMPRINT)
Year of publication 2009
300 ## - PHYSICAL DESCRIPTION
Number of Pages 894 p
650 ## - SUBJECT ADDED ENTRY--TOPICAL TERM
Topical Term Italian Americans--Fiction. Fathers and sons--Fiction. Mentally ill--Fiction. Brothers--Fiction. Twins--Fiction. New England--Fiction.
942 ## - ADDED ENTRY ELEMENTS (KOHA)
Koha item type Books
Holdings
Withdrawn status Lost status Source of classification or shelving scheme Damaged status Not for loan Permanent Location Current Location Date acquired Accession Number Price effective from Koha item type
    Library of Congress Classification     NILE UNIVERSITY OF NIGERIA - MAIN LIBRARY NILE UNIVERSITY OF NIGERIA - MAIN LIBRARY 04/23/2025 0190958 04/23/2025 Books